000 00328 a2200157 4500
001 175993
020 _a
040 _cMagnum
100 _aQuevedo, Julio
240 1 0 _aA guerra guaranitica
_lpor
245 1 0 _aA guerra guaranitica
362 0 _a1899
440 1 _aÁtica
697 _aMAGNITO: PARADIDATICO
942 _cBK
999 _c175993
_d175993